[Event "AUT-chT2S 9900"]
[Site "Austria"]
[Date "2000.01.22"]
[Round "5.2"]
[White "Brestian, Egon"]
[Black "Siklosi, Zoltan"]
[Result "1/2-1/2"]
[WhiteElo "2429"]
[BlackElo "2337"]
[Annotator "Gabriele Ballarin"]
[PlyCount "45"]
[EventDate "1999.10.??"]
[EventType "team"]
[EventRounds "11"]
[EventCountry "AUT"]
[SourceTitle "EXT 2002"]
[Source "ChessBase"]
[SourceDate "2001.11.25"]
[SourceVersion "1"]
[SourceVersionDate "2001.11.25"]
[SourceQuality "1"]

1. d4 d5 2. Nf3 Nf6 3. e3 Bf5 4. Bd3 e6 5. O-O c6 6. c4 Bxd3 7. Qxd3 Nbd7 8. Nc3 Be7 9. b3 O-O 10. Bb2 Qa5 11. Rfd1 Rfd8 12. a3 a6 13. c5 Qc7 14. b4 e5 15. e4 exd4 16. Nxd4 Ne5 17. Qe2 dxe4 18. Nxe4 Nxe4 19. Qxe4 Bf6 20. Bc3 Ng6 21. g3 Ne7 22. Ne2 Nd5 23. Bxf6 1/2-1/2

[Event "AUT-chT2S 9900"]
[Site "Austria"]
[Date "2000.01.22"]
[Round "5.2"]
[White "Jacob, Volker"]
[Black "Casagrande, Harald"]
[Result "1/2-1/2"]
[WhiteElo "2218"]
[BlackElo "2360"]
[Annotator "Gabriele Ballarin"]
[PlyCount "52"]
[EventDate "1999.10.??"]
[EventType "team"]
[EventRounds "11"]
[EventCountry "AUT"]
[SourceTitle "EXT 2002"]
[Source "ChessBase"]
[SourceDate "2001.11.25"]
[SourceVersion "1"]
[SourceVersionDate "2001.11.25"]
[SourceQuality "1"]

1. d4 g6 2. c4 Bg7 3. e4 d6 4. Nc3 Nd7 5. Nf3 e5 6. Be2 exd4 7. Nxd4 Ngf6 8. O-O O-O 9. Bg5 Re8 10. f3 c6 11. Qd2 Qb6 12. Rad1 Ne5 13. Kh1 a5 14. b3 Nfd7 15. Be3 Nc5 16. Nc2 Bf8 17. h3 f5 18. exf5 Bxf5 19. Nd4 Qc7 20. Nxf5 gxf5 21. Bd4 Ne6 22. Bg1 f4 23. Bd3 Qf7 24. Be4 a4 25. Ne2 Red8 26. Qc2 axb3 1/2-1/2

[Event "AUT-chT2S 9900"]
[Site "Austria"]
[Date "2000.01.22"]
[Round "5.2"]
[White "Kwatschewsky, Leo"]
[Black "Egartner, Wolfgang"]
[Result "1/2-1/2"]
[WhiteElo "2307"]
[BlackElo "2141"]
[Annotator "Gabriele Ballarin"]
[PlyCount "70"]
[EventDate "1999.10.??"]
[EventType "team"]
[EventRounds "11"]
[EventCountry "AUT"]
[SourceTitle "EXT 2002"]
[Source "ChessBase"]
[SourceDate "2001.11.25"]
[SourceVersion "1"]
[SourceVersionDate "2001.11.25"]
[SourceQuality "1"]

1. d4 d5 2. Nf3 c6 3. Bf4 Nf6 4. e3 Bf5 5. c4 e6 6. Nc3 Qb6 7. Qb3 Nbd7 8. c5 Qxb3 9. axb3 Nh5 10. b4 Nxf4 11. exf4 Be7 12. Kd2 O-O 13. Bd3 Bxd3 14. Kxd3 a6 15. Rhe1 Bf6 16. g4 g6 17. Re2 Rfb8 18. Ne5 Bxe5 19. fxe5 b6 20. Rc2 bxc5 21. bxc5 Rb3 22. g5 Ra7 23. Kd2 Rb4 24. Ra4 Rab7 25. Rxb4 Rxb4 26. Ne2 Rb3 27. Nc3 h6 28. h4 hxg5 29. hxg5 Kf8 30. f4 Ke7 31. Kd3 Nb8 32. Rd2 a5 33. Kc2 Rb4 34. b3 Na6 35. Rd1 Nc7 1/2-1/2

[Event "AUT-chT2S 9900"]
[Site "Austria"]
[Date "2000.01.22"]
[Round "5.2"]
[White "Mahdy, Khaled"]
[Black "Rudolph, Johannes"]
[Result "1-0"]
[WhiteElo "2332"]
[BlackElo "2237"]
[Annotator "Gabriele Ballarin"]
[PlyCount "81"]
[EventDate "1999.10.??"]
[EventType "team"]
[EventRounds "11"]
[EventCountry "AUT"]
[SourceTitle "EXT 2002"]
[Source "ChessBase"]
[SourceDate "2001.11.25"]
[SourceVersion "1"]
[SourceVersionDate "2001.11.25"]
[SourceQuality "1"]

1. e4 Nf6 2. e5 Nd5 3. Nc3 Nxc3 4. dxc3 d5 5. Nf3 e6 6. Bg5 Be7 7. h4 h6 8. Bf4 b6 9. h5 Ba6 10. Bd3 Qd7 11. Qd2 Bxd3 12. cxd3 Nc6 13. d4 Na5 14. Qe2 c5 15. O-O Nc6 16. Rad1 cxd4 17. Nxd4 Nxd4 18. cxd4 O-O-O 19. Rd3 Kb7 20. Rg3 Bf8 21. Rc1 Rc8 22. Rxc8 Qxc8 23. Be3 Qd7 24. Qc2 Qe7 25. Qa4 a6 26. Bd2 b5 27. Qc2 Qc7 28. Qxc7+ Kxc7 29. Rf3 f6 30. exf6 gxf6 31. Rxf6 Kd7 32. Bf4 Ke7 33. Rg6 Kf7 34. Kf1 Bg7 35. Rxg7+ Kxg7 36. Be5+ Kg8 37. Bxh8 Kxh8 38. Ke2 Kg7 39. f4 Kf6 40. b4 Kf5 41. Kf3 1-0

[Event "AUT-chT2S 9900"]
[Site "Austria"]
[Date "2000.01.22"]
[Round "5.2"]
[White "Tabernig, Bernhard"]
[Black "Lendwai, Reinhard"]
[Result "1/2-1/2"]
[WhiteElo "2360"]
[BlackElo "2371"]
[Annotator "Gabriele Ballarin"]
[PlyCount "59"]
[EventDate "1999.10.??"]
[EventType "team"]
[EventRounds "11"]
[EventCountry "AUT"]
[SourceTitle "EXT 2002"]
[Source "ChessBase"]
[SourceDate "2001.11.25"]
[SourceVersion "1"]
[SourceVersionDate "2001.11.25"]
[SourceQuality "1"]

1. d4 d5 2. c4 c6 3. Nf3 e6 4. Qc2 dxc4 5. Qxc4 b5 6. Qc2 Bb7 7. g3 Nd7 8. Bg2 c5 9. O-O Ngf6 10. Bg5 Qb6 11. Bxf6 Nxf6 12. Nbd2 cxd4 13. Nxd4 Rc8 14. Qd3 Bxg2 15. Kxg2 a6 16. Rac1 Rd8 17. N2b3 Be7 18. Qf3 O-O 19. Nc6 Rd7 20. Rfd1 Bd6 21. e4 Bb8 22. Rxd7 Nxd7 23. Qc3 h6 24. Nxb8 Rxb8 25. Qc7 Rd8 26. Qc6 g5 27. h3 Qxc6 28. Rxc6 Ne5 29. Rxa6 Nc4 30. a4 1/2-1/2

[Event "AUT-chT2S 9900"]
[Site "Austria"]
[Date "2000.01.22"]
[Round "5.3"]
[White "Dohr, Alexander"]
[Black "Genser, Harald"]
[Result "0-1"]
[WhiteElo "2193"]
[BlackElo "2160"]
[Annotator "Gabriele Ballarin"]
[PlyCount "64"]
[EventDate "1999.10.??"]
[EventType "team"]
[EventRounds "11"]
[EventCountry "AUT"]
[SourceTitle "EXT 2002"]
[Source "ChessBase"]
[SourceDate "2001.11.25"]
[SourceVersion "1"]
[SourceVersionDate "2001.11.25"]
[SourceQuality "1"]

1. e4 c5 2. Nc3 Nc6 3. g3 g6 4. Bg2 Bg7 5. Nge2 d6 6. Nd5 Nf6 7. O-O O-O 8. c3 Nxd5 9. exd5 Nb8 10. d4 b6 11. Re1 Nd7 12. Bg5 h6 13. Bf4 Nf6 14. Qd2 Kh7 15. Rad1 c4 16. h3 Bb7 17. Qc2 Bxd5 18. Bxd5 Nxd5 19. h4 h5 20. Bg5 Qd7 21. Kg2 Bh6 22. Qe4 e6 23. Ng1 Bxg5 24. hxg5 Rae8 25. Nf3 Kg7 26. Nh4 Qb5 27. Rd2 Ne7 28. Qf4 Qd5+ 29. Kg1 Nf5 30. Ng2 f6 31. Rde2 fxg5 32. Qxg5 Nxd4 0-1

[Event "AUT-chT2S 9900"]
[Site "Austria"]
[Date "2000.01.22"]
[Round "5.3"]
[White "Forintos, Gyozo Victor"]
[Black "Horvath, Jozsef"]
[Result "0-1"]
[WhiteElo "2343"]
[BlackElo "2526"]
[Annotator "Gabriele Ballarin"]
[PlyCount "47"]
[EventDate "1999.10.??"]
[EventType "team"]
[EventRounds "11"]
[EventCountry "AUT"]
[SourceTitle "EXT 2002"]
[Source "ChessBase"]
[SourceDate "2001.11.25"]
[SourceVersion "1"]
[SourceVersionDate "2001.11.25"]
[SourceQuality "1"]

1. d4 Nf6 2. c4 e6 3. Nc3 Bb4 4. Qc2 O-O 5. Bg5 c5 6. e3 cxd4 7. exd4 Nc6 8. Nf3 h6 9. Be3 d5 10. a3 Bxc3+ 11. bxc3 b6 12. cxd5 Nxd5 13. Bb5 Bb7 14. O-O Qc8 15. Qd2 Nce7 16. Rfc1 Ng6 17. Bd3 Ndf4 18. Bxg6 Ne2+ 19. Kf1 Nxc1 20. Bh7+ Kh8 21. Ne5 Ba6+ 22. c4 Bxc4+ 23. Nxc4 Qxc4+ 24. Ke1 0-1

[Event "AUT-chT2S 9900"]
[Site "Austria"]
[Date "2000.01.22"]
[Round "5.3"]
[White "Pilaj, Herwig"]
[Black "Singer, Richard"]
[Result "0-1"]
[WhiteElo "2197"]
[BlackElo "2290"]
[Annotator "Gabriele Ballarin"]
[PlyCount "58"]
[EventDate "1999.10.??"]
[EventType "team"]
[EventRounds "11"]
[EventCountry "AUT"]
[SourceTitle "EXT 2002"]
[Source "ChessBase"]
[SourceDate "2001.11.25"]
[SourceVersion "1"]
[SourceVersionDate "2001.11.25"]
[SourceQuality "1"]

1. e4 g6 2. d4 Bg7 3. Nf3 d6 4. Bd3 Nf6 5. Bg5 h6 6. Bh4 c5 7. Nc3 cxd4 8. Nxd4 Qb6 9. Nb3 Be6 10. Qd2 g5 11. Bg3 Nh5 12. O-O-O Nd7 13. Nd5 Bxd5 14. exd5 Nc5 15. Rhe1 Nxg3 16. hxg3 Rc8 17. Qe2 Nxb3+ 18. axb3 Bf6 19. Kb1 Kf8 20. Be4 a5 21. f4 a4 22. Rd3 a3 23. bxa3 Ra8 24. fxg5 hxg5 25. Rf3 Rxa3 26. Rxf6 exf6 27. Bg6 Qc7 28. Qb5 Kg7 29. Qb4 Rha8 0-1

[Event "AUT-chT2S 9900"]
[Site "Austria"]
[Date "2000.01.22"]
[Round "5.3"]
[White "Riedner, Martin"]
[Black "Nickl, Klaus"]
[Result "1/2-1/2"]
[WhiteElo "2229"]
[BlackElo "2200"]
[Annotator "Gabriele Ballarin"]
[PlyCount "47"]
[EventDate "1999.10.??"]
[EventType "team"]
[EventRounds "11"]
[EventCountry "AUT"]
[SourceTitle "EXT 2002"]
[Source "ChessBase"]
[SourceDate "2001.11.25"]
[SourceVersion "1"]
[SourceVersionDate "2001.11.25"]
[SourceQuality "1"]

1. Nf3 d5 2. b3 Bg4 3. Bb2 Nd7 4. c4 e6 5. g3 Ngf6 6. Bg2 c6 7. O-O Bd6 8. d3 O-O 9. Qc2 Qe7 10. Nbd2 e5 11. e3 h6 12. a3 Qe6 13. b4 Bh3 14. Rfc1 Bxg2 15. Kxg2 Rfe8 16. cxd5 cxd5 17. e4 Nb6 18. d4 Rac8 19. Qd3 Na4 20. Rxc8 Rxc8 21. Bc1 exd4 22. exd5 Qxd5 23. Qxd4 Qxd4 24. Nxd4 1/2-1/2

[Event "AUT-chT2S 9900"]
[Site "Austria"]
[Date "2000.01.22"]
[Round "5.3"]
[White "Waldmann, Gerald"]
[Black "Wegerer, Fred"]
[Result "1-0"]
[WhiteElo "2155"]
[BlackElo "2196"]
[Annotator "Gabriele Ballarin"]
[PlyCount "68"]
[EventDate "1999.10.??"]
[EventType "team"]
[EventRounds "11"]
[EventCountry "AUT"]
[SourceTitle "EXT 2002"]
[Source "ChessBase"]
[SourceDate "2001.11.25"]
[SourceVersion "1"]
[SourceVersionDate "2001.11.25"]
[SourceQuality "1"]

1. e4 c5 2. Nf3 Nc6 3. Bb5 e6 4. O-O Nge7 5. c3 a6 6. Bxc6 Nxc6 7. d4 d5 8. exd5 Qxd5 9. Be3 c4 10. b3 cxb3 11. axb3 Be7 12. c4 Qh5 13. Nc3 O-O 14. Na4 Bd7 15. Nb6 Rad8 16. Bf4 Bc8 17. Bc7 Bd6 18. Bxd8 Rxd8 19. Nxc8 Rxc8 20. d5 exd5 21. Qxd5 Qh6 22. Qf5 Rf8 23. h3 Bb8 24. Rad1 g6 25. Qf6 Bc7 26. Rd7 Bd8 27. Qd6 Qh5 28. Rxb7 Na5 29. Rb8 Be7 30. Rxf8+ Bxf8 31. Qb8 Qf5 32. Ra1 Nc6 33. Qe8 Nb4 34. Rd1 Qc2 1-0

[Event "AUT-chT2S 9900"]
[Site "Austria"]
[Date "2000.01.22"]
[Round "5.4"]
[White "Brod, Manfred"]
[Black "Kurasch, Josef"]
[Result "1-0"]
[WhiteElo "2223"]
[BlackElo "2130"]
[Annotator "Gabriele Ballarin"]
[PlyCount "64"]
[EventDate "1999.10.??"]
[EventType "team"]
[EventRounds "11"]
[EventCountry "AUT"]
[SourceTitle "EXT 2002"]
[Source "ChessBase"]
[SourceDate "2001.11.25"]
[SourceVersion "1"]
[SourceVersionDate "2001.11.25"]
[SourceQuality "1"]

1. e4 d6 2. d4 Nf6 3. Nc3 g6 4. Be3 c6 5. f3 Nbd7 6. g4 b5 7. a4 b4 8. Nce2 Ba6 9. h4 h5 10. g5 Nh7 11. f4 Bg7 12. Bh3 c5 13. c3 bxc3 14. bxc3 cxd4 15. cxd4 Rb8 16. Rc1 Nb6 17. Bd2 Nc4 18. Bc3 Nb2 19. Bxb2 Rxb2 20. Rc2 Qa5+ 21. Kf2 Rb4 22. Nf3 Rxa4 23. Nc3 Rc4 24. Qa1 Qb6 25. Rb1 Bxd4+ 26. Kg3 Qc7 27. Nxd4 Rxd4 28. Ne2 Rc4 29. Rxc4 Bxc4 30. Qxh8+ Nf8 31. Qb2 Nd7 32. Qb7 Qc5 1-0

[Event "AUT-chT2S 9900"]
[Site "Austria"]
[Date "2000.01.22"]
[Round "5.4"]
[White "Buchegger, Karl"]
[Black "Kuess, Mario"]
[Result "0-1"]
[WhiteElo "2196"]
[BlackElo "2150"]
[Annotator "Gabriele Ballarin"]
[PlyCount "52"]
[EventDate "1999.10.??"]
[EventType "team"]
[EventRounds "11"]
[EventCountry "AUT"]
[SourceTitle "EXT 2002"]
[Source "ChessBase"]
[SourceDate "2001.11.25"]
[SourceVersion "1"]
[SourceVersionDate "2001.11.25"]
[SourceQuality "1"]

1. Nf3 c5 2. c4 Nc6 3. g3 Nf6 4. Nc3 e6 5. Bg2 Be7 6. O-O O-O 7. d4 d5 8. cxd5 exd5 9. Bg5 Be6 10. Rc1 c4 11. Ne5 Rc8 12. f4 Nxd4 13. Kh1 Nf5 14. Qa4 Ne3 15. Qxa7 Nxg2 16. Kxg2 d4 17. Rfd1 Bc5 18. Qxb7 Rb8 19. Qc6 Qa5 20. Qa4 Qc7 21. Nb1 Rxb2 22. Nd2 c3 23. Ndf3 Rxe2+ 24. Kf1 Rxa2 25. Qc6 Qxc6 26. Nxc6 Bc4+ 0-1

[Event "AUT-chT2S 9900"]
[Site "Austria"]
[Date "2000.01.22"]
[Round "5.4"]
[White "Ceschia, Ivano"]
[Black "Beck, Hartmuth"]
[Result "1-0"]
[WhiteElo "2330"]
[BlackElo "2235"]
[Annotator "Gabriele Ballarin"]
[PlyCount "83"]
[EventDate "1999.10.??"]
[EventType "team"]
[EventRounds "11"]
[EventCountry "AUT"]
[SourceTitle "EXT 2002"]
[Source "ChessBase"]
[SourceDate "2001.11.25"]
[SourceVersion "1"]
[SourceVersionDate "2001.11.25"]
[SourceQuality "1"]

1. e4 a6 2. d4 b5 3. a4 Bb7 4. f3 b4 5. Be3 e6 6. Nd2 Nf6 7. Bd3 d5 8. c4 bxc3 9. bxc3 Nc6 10. e5 Nd7 11. a5 f6 12. f4 f5 13. Ngf3 Be7 14. O-O O-O 15. Ng5 Bxg5 16. fxg5 Ne7 17. Rf2 c5 18. Nf1 c4 19. Bc2 g6 20. g4 Nb8 21. Ng3 Nbc6 22. gxf5 Nxf5 23. Nxf5 exf5 24. h4 Nxa5 25. h5 Ra7 26. hxg6 hxg6 27. Bf4 Bc8 28. Rh2 Be6 29. Rh6 Kg7 30. Qe1 Nb3 31. Qh4 Rh8 32. Ra2 Qg8 33. Bd1 Rxh6 34. gxh6+ Kh7 35. Rg2 Qe8 36. Bh5 gxh5 37. Qf6 Qf7 38. Rg7+ Qxg7+ 39. hxg7 Rxg7+ 40. Kh2 Rg6 41. Qe7+ Kg8 42. Bg5 1-0

[Event "AUT-chT2S 9900"]
[Site "Austria"]
[Date "2000.01.22"]
[Round "5.4"]
[White "Eichhorn, Alfred"]
[Black "Insam, Heinz"]
[Result "1/2-1/2"]
[WhiteElo "2178"]
[BlackElo "2260"]
[Annotator "Gabriele Ballarin"]
[PlyCount "89"]
[EventDate "1999.10.??"]
[EventType "team"]
[EventRounds "11"]
[EventCountry "AUT"]
[SourceTitle "EXT 2002"]
[Source "ChessBase"]
[SourceDate "2001.11.25"]
[SourceVersion "1"]
[SourceVersionDate "2001.11.25"]
[SourceQuality "1"]

1. e4 e5 2. Nf3 Qe7 3. Nc3 Nf6 4. g3 d6 5. Bg2 Bg4 6. h3 Bxf3 7. Qxf3 g6 8. d3 Bg7 9. Bg5 c6 10. O-O-O Nbd7 11. Rhe1 h6 12. Be3 c5 13. Qe2 Nf8 14. f4 Nh5 15. Nd5 Qd7 16. Bf3 Nf6 17. fxe5 dxe5 18. Bxc5 Ne6 19. Nxf6+ Bxf6 20. Bg4 Qc6 21. Bxe6 Qxe6 22. d4 Qc6 23. dxe5 Bxe5 24. Bd4 Bxd4 25. Rxd4 O-O 26. h4 Rae8 27. Qc4 Qb6 28. e5 Rc8 29. Qd3 Qa5 30. c3 Qxa2 31. e6 Qa1+ 32. Qb1 Rxc3+ 33. Kd2 Qxb1 34. Rxb1 Rc7 35. Re1 fxe6 36. Rxe6 Rf2+ 37. Ke3 Rxb2 38. Rxg6+ Rg7 39. Rxh6 Rxg3+ 40. Kf4 Rg1 41. h5 Kg7 42. Rhd6 Rf1+ 43. Kg3 Rf7 44. Rg4+ Kh7 45. Rdg6 1/2-1/2

[Event "AUT-chT2S 9900"]
[Site "Austria"]
[Date "2000.01.22"]
[Round "5.5"]
[White "Mitter, Gerd"]
[Black "Krebs, Johann"]
[Result "0-1"]
[WhiteElo "2261"]
[BlackElo "2130"]
[Annotator "Gabriele Ballarin"]
[PlyCount "107"]
[EventDate "1999.10.??"]
[EventType "team"]
[EventRounds "11"]
[EventCountry "AUT"]
[SourceTitle "EXT 2002"]
[Source "ChessBase"]
[SourceDate "2001.11.25"]
[SourceVersion "1"]
[SourceVersionDate "2001.11.25"]
[SourceQuality "1"]

1. Nf3 Nf6 2. c4 g6 3. g3 Bg7 4. Bg2 O-O 5. O-O d6 6. Nc3 e5 7. d4 Nbd7 8. e4 c6 9. h3 Qb6 10. Re1 exd4 11. Nxd4 Ne8 12. Nf3 Ne5 13. Nxe5 dxe5 14. Qc2 Bf6 15. Be3 Qc7 16. Kh2 Ng7 17. Rad1 Ne6 18. Ne2 Bg5 19. Bxg5 Nxg5 20. Qd2 f6 21. h4 Nf7 22. Qe3 Be6 23. b3 a5 24. Nc3 Kg7 25. Na4 Rad8 26. Qb6 Qxb6 27. Nxb6 g5 28. Bh3 g4 29. Bg2 Rd4 30. Rxd4 exd4 31. Na4 Ne5 32. Nc5 Bc8 33. Rd1 Rd8 34. Nd3 b6 35. Nxe5 fxe5 36. f4 gxf3 37. Bxf3 Rf8 38. Rd3 Be6 39. g4 h6 40. Kg3 Kf6 41. Be2 Rg8 42. h5 Ke7 43. Kh4 Rf8 44. Rf3 Rxf3 45. Bxf3 Kf6 46. Be2 a4 47. bxa4 c5 48. Bd3 Bf7 49. a3 Be8 50. Bc2 Bc6 51. a5 bxa5 52. a4 Bd7 53. Bb3 d3 54. g5+ 0-1

[Event "AUT-chT2S 9900"]
[Site "Austria"]
[Date "2000.01.22"]
[Round "5.5"]
[White "Mohr, Georg"]
[Black "Bukal, Vladimir Jr"]
[Result "1-0"]
[WhiteElo "2483"]
[BlackElo "2390"]
[Annotator "Gabriele Ballarin"]
[PlyCount "56"]
[EventDate "1999.10.??"]
[EventType "team"]
[EventRounds "11"]
[EventCountry "AUT"]
[SourceTitle "EXT 2002"]
[Source "ChessBase"]
[SourceDate "2001.11.25"]
[SourceVersion "1"]
[SourceVersionDate "2001.11.25"]
[SourceQuality "1"]

1. c4 c6 2. e4 d5 3. exd5 cxd5 4. cxd5 Nf6 5. Nc3 Nxd5 6. Bb5+ Nc6 7. Nf3 Nxc3 8. bxc3 g6 9. O-O Bg7 10. Re1 O-O 11. d4 Bd7 12. Bg5 Re8 13. Qd2 Na5 14. Bf1 Rc8 15. Bh6 Bf6 16. Ne5 b5 17. Rab1 a6 18. a4 bxa4 19. Bxa6 Nb3 20. Qe3 Be6 21. Bb5 Qa5 22. c4 Bf5 23. Rbd1 Rb8 24. g4 Rxb5 25. cxb5 Bc2 26. g5 Bxd1 27. Nxf7 Qb6 28. gxf6 Kxf7 1-0

[Event "AUT-chT2S 9900"]
[Site "Austria"]
[Date "2000.01.22"]
[Round "5.5"]
[White "Pesorda, Ivan"]
[Black "Aschenbrenner, Robert"]
[Result "0-1"]
[WhiteElo "2180"]
[BlackElo "2160"]
[Annotator "Gabriele Ballarin"]
[PlyCount "118"]
[EventDate "1999.10.??"]
[EventType "team"]
[EventRounds "11"]
[EventCountry "AUT"]
[SourceTitle "EXT 2002"]
[Source "ChessBase"]
[SourceDate "2001.11.25"]
[SourceVersion "1"]
[SourceVersionDate "2001.11.25"]
[SourceQuality "1"]

1. d4 b6 2. e4 e6 3. Bd3 Bb7 4. Nf3 c5 5. c3 Nf6 6. Qe2 Be7 7. O-O d5 8. e5 Nfd7 9. Bf4 Qc8 10. Nbd2 Nc6 11. Rac1 Nf8 12. a3 Ng6 13. Bg3 O-O 14. b4 Qd7 15. h4 Rfc8 16. h5 Nf8 17. Bf4 Nd8 18. Rfd1 a5 19. bxc5 bxc5 20. Nb1 c4 21. Bc2 Bc6 22. h6 g6 23. Bg5 Rab8 24. Qe3 Nb7 25. Nh2 Qd8 26. Bxe7 Qxe7 27. Ng4 a4 28. Nd2 Nd7 29. Qf4 Na5 30. Nf3 Rb2 31. Bb1 Rb3 32. Bc2 Rxa3 33. Ra1 Rxa1 34. Rxa1 Nb3 35. Ra2 Rb8 36. Ng5 Rf8 37. Kh2 f6 38. exf6 Nxf6 39. Bb1 Nxg4+ 40. Qxg4 Bd7 41. Qg3 Qf6 42. Re2 Ra8 43. Re3 Nd2 44. Qc7 Qxg5 45. Qxd7 Qxh6+ 46. Kg1 Nxb1 47. Qxe6+ Kh8 48. Qf7 Qf8 49. Qb7 Rb8 50. Qxd5 Re8 51. Qc5 Nd2 52. Qb4 Qf7 53. Qxa4 Rxe3 54. fxe3 Qf1+ 55. Kh2 Qf8 56. Qc6 Qh6+ 57. Kg1 Qxe3+ 58. Kh2 Qf4+ 59. Kg1 Qf7 0-1

[Event "AUT-chT2S 9900"]
[Site "Austria"]
[Date "2000.01.22"]
[Round "5.5"]
[White "Schnider, Gert"]
[Black "Pfeiffer, Gregor"]
[Result "1/2-1/2"]
[WhiteElo "2165"]
[BlackElo "2130"]
[Annotator "Gabriele Ballarin"]
[PlyCount "32"]
[EventDate "1999.10.??"]
[EventType "team"]
[EventRounds "11"]
[EventCountry "AUT"]
[SourceTitle "EXT 2002"]
[Source "ChessBase"]
[SourceDate "2001.11.25"]
[SourceVersion "1"]
[SourceVersionDate "2001.11.25"]
[SourceQuality "1"]

1. e4 d5 2. exd5 Qxd5 3. Nc3 Qa5 4. d4 Nf6 5. Bc4 c6 6. Nf3 Bf5 7. O-O e6 8. Bf4 Nbd7 9. a3 Bg4 10. Re1 Qf5 11. Bg3 Bxf3 12. Qxf3 Qxf3 13. gxf3 Nb6 14. Bd3 Nh5 15. Rad1 Be7 16. Ne4 Nxg3 1/2-1/2

[Event "AUT-chT2S 9900"]
[Site "Austria"]
[Date "2000.01.22"]
[Round "5.5"]
[White "Spirk, Stefan"]
[Black "Scheck, Rudolf"]
[Result "1/2-1/2"]
[WhiteElo "2251"]
[BlackElo "2175"]
[Annotator "Gabriele Ballarin"]
[PlyCount "76"]
[EventDate "1999.10.??"]
[EventType "team"]
[EventRounds "11"]
[EventCountry "AUT"]
[SourceTitle "EXT 2002"]
[Source "ChessBase"]
[SourceDate "2001.11.25"]
[SourceVersion "1"]
[SourceVersionDate "2001.11.25"]
[SourceQuality "1"]

1. d4 Nf6 2. c4 g6 3. g3 Bg7 4. Bg2 O-O 5. Nf3 c6 6. O-O d6 7. Nc3 Nbd7 8. b3 e5 9. Bb2 Re8 10. Qd2 e4 11. Ne1 d5 12. cxd5 cxd5 13. Rc1 a6 14. f3 b6 15. fxe4 dxe4 16. Qf4 Bb7 17. d5 Qe7 18. Nc2 Rac8 19. Ne3 b5 20. d6 Qe6 21. b4 Nb6 22. g4 Rxc3 23. Bxc3 Nfd5 24. Nxd5 Nxd5 25. Qxe4 Nxc3 26. Qxe6 Rxe6 27. Bxb7 Nxe2+ 28. Kh1 Nxc1 29. d7 Rd6 30. Rxc1 Rxd7 31. Bxa6 Rd2 32. Rc8+ Bf8 33. Bxb5 Rxa2 34. Bc4 Rb2 35. b5 Kg7 36. Rc6 Be7 37. b6 Bg5 38. Rc7 Rxb6 1/2-1/2

[Event "AUT-chT2S 9900"]
[Site "Austria"]
[Date "2000.01.22"]
[Round "5.6"]
[White "Benda, Herbert"]
[Black "Solinas, Carlo"]
[Result "1-0"]
[WhiteElo "2210"]
[BlackElo "2087"]
[Annotator "Gabriele Ballarin"]
[PlyCount "51"]
[EventDate "1999.10.??"]
[EventType "team"]
[EventRounds "11"]
[EventCountry "AUT"]
[SourceTitle "EXT 2002"]
[Source "ChessBase"]
[SourceDate "2001.11.25"]
[SourceVersion "1"]
[SourceVersionDate "2001.11.25"]
[SourceQuality "1"]

1. e4 e5 2. Nf3 Nc6 3. d4 exd4 4. Nxd4 Qh4 5. Nc3 Bb4 6. Ndb5 Qxe4+ 7. Be2 Bxc3+ 8. bxc3 Kd8 9. O-O a6 10. Nd4 Nxd4 11. cxd4 Qg6 12. Bh5 Qf6 13. Re1 g6 14. Bf3 Ne7 15. Ba3 d6 16. Rb1 Rb8 17. d5 Re8 18. Bb2 Qg5 19. Qd4 Bd7 20. Qg7 Kc8 21. Bf6 Nf5 22. Rxe8+ Bxe8 23. Qh8 Qxf6 24. Qxf6 b6 25. g4 Nh6 26. Qg7 1-0

[Event "AUT-chT2S 9900"]
[Site "Austria"]
[Date "2000.01.22"]
[Round "5.6"]
[White "Hebesberger, Thomas"]
[Black "Mocchi, Tullio"]
[Result "1/2-1/2"]
[WhiteElo "2240"]
[BlackElo "2390"]
[Annotator "Gabriele Ballarin"]
[PlyCount "173"]
[EventDate "1999.10.??"]
[EventType "team"]
[EventRounds "11"]
[EventCountry "AUT"]
[SourceTitle "EXT 2002"]
[Source "ChessBase"]
[SourceDate "2001.11.25"]
[SourceVersion "1"]
[SourceVersionDate "2001.11.25"]
[SourceQuality "1"]

1. d4 Nf6 2. Bg5 e6 3. e4 h6 4. Bxf6 Qxf6 5. c3 d6 6. Bd3 Nd7 7. Ne2 g6 8. O-O Bg7 9. f4 Qe7 10. e5 Nb6 11. Nd2 Bd7 12. a4 a5 13. Ne4 Bc6 14. N2g3 Qd7 15. Qe2 Bxe4 16. Nxe4 d5 17. Nc5 Qc8 18. Qg4 h5 19. Qh3 Bf8 20. Rae1 Rh6 21. Qe3 Nd7 22. c4 Nxc5 23. dxc5 d4 24. Qxd4 Qd7 25. Qxd7+ Kxd7 26. Be4 Bxc5+ 27. Kh1 c6 28. Rd1+ Kc7 29. Rd3 Rd8 30. Rxd8 Kxd8 31. g3 Kc7 32. Kg2 Rh8 33. Rd1 Rd8 34. Rxd8 Kxd8 35. h3 Bd4 36. b3 Kc7 37. Kf3 Kb6 38. Bc2 Kc5 39. Ke4 Bg1 40. g4 hxg4 41. hxg4 Kb4 42. Kd3 Bh2 43. f5 exf5 44. gxf5 gxf5 45. Bd1 Bxe5 46. Kc2 Kc5 47. Kd3 Kd6 48. Bh5 Ke6 49. Ke3 Bc7 50. Kd4 Bb6+ 51. Kd3 Bc5 52. Bd1 Ke5 53. Bf3 Bg1 54. Bg2 Kf4 55. Ke2 Bc5 56. Bf3 f6 57. Bg2 Bf8 58. Bf3 Ke5 59. Kd3 Kf4 60. Ke2 Be7 61. Bg2 Kg3 62. Bf3 Ba3 63. Bh1 Kf4 64. Bf3 Ke5 65. Kd3 Kd6 66. Bg2 Bc1 67. Bh3 f4 68. Bg2 Kc5 69. Kc3 Be3 70. Bf3 Bf2 71. Be2 f5 72. Bd1 Kd6 73. Kd3 Ke5 74. Bf3 Bc5 75. Bg2 Bf8 76. Bf3 Kd6 77. Bg2 Bg7 78. Bf3 Kc5 79. Be2 Bf6 80. Bf3 Bd4 81. Bg2 Bg1 82. Bf3 Bd4 83. Bg2 Bf6 84. Bf3 b6 85. Bg2 Kb4 86. Bxc6 Kxb3 87. Ke2 1/2-1/2

[Event "AUT-chT2S 9900"]
[Site "Austria"]
[Date "2000.01.22"]
[Round "5.6"]
[White "Koch, Wolfgang Max"]
[Black "Schein, Karl Heinz"]
[Result "1/2-1/2"]
[WhiteElo "2305"]
[BlackElo "2229"]
[Annotator "Gabriele Ballarin"]
[PlyCount "78"]
[EventDate "1999.10.??"]
[EventType "team"]
[EventRounds "11"]
[EventCountry "AUT"]
[SourceTitle "EXT 2002"]
[Source "ChessBase"]
[SourceDate "2001.11.25"]
[SourceVersion "1"]
[SourceVersionDate "2001.11.25"]
[SourceQuality "1"]

1. d4 Nf6 2. Nf3 e6 3. c4 Bb4+ 4. Bd2 a5 5. g3 O-O 6. Bg2 Nc6 7. O-O Bxd2 8. Qxd2 d6 9. d5 Ne7 10. Nc3 e5 11. b3 Bg4 12. Ne1 Nd7 13. f3 Bh5 14. g4 Bg6 15. e4 f6 16. Nc2 Be8 17. Ne3 Nc5 18. Rab1 Ng6 19. a3 Nf4 20. Ne2 a4 21. b4 Nb3 22. Qd1 Nxe2+ 23. Qxe2 Bd7 24. Kh1 g6 25. Rg1 Kh8 26. Bh3 Qe7 27. Qd3 Qg7 28. Rg3 Qh6 29. Nc2 Rf7 30. Na1 Nd4 31. Nc2 Nxc2 32. Qxc2 Qe3 33. Qc1 Qd4 34. Qc2 Raf8 35. Rd1 Qe3 36. Qc1 Qf2 37. Rf1 Qd4 38. Rd1 Qf2 39. Rf1 Qd4 1/2-1/2